Biblioteca Parlamentaria
Catálogo en línea

La Técnica Legislativa en Derecho Comparado, en especial en América Latina (Registro nro. 30053)

000 -CABECERA
Campo de control interno 00611nam a22001817a 4500
005 - FECHA Y HORA DE LA CATALOGACION
Campo de control 20150803161215.0
008 - ELEMENTOS DE LONGITUD FIJA - INFORMACION
Elementos de Longitud Fija - Informaci 150803b xxu||||| |||| 00| 0 eng d
040 ## - ORIGEN DE LA CATALOGACION
Origen de la Catalogación ANE
041 ## - CODIGO DE LENGUAJE
Código de lenguaje del texto Es
084 ## - CLASIFICACION
Codigo interno VIRTUAL-001670
100 ## - AUTOR PERSONAL
Autor Personal Garcia, Piedad
245 ## - TÍTULO GENERAL
Título La Técnica Legislativa en Derecho Comparado, en especial en América Latina
300 ## - DESCRIPCION
Número de páginas 37 p.
650 ## - DESCRIPTORES - TEMAS
Temas - Descriptores Técnica Legislativa
650 ## - DESCRIPTORES - TEMAS
Temas - Descriptores Derecho Comparado
856 ## - URL - Ubicaci
URI/URL http://documentacion.asambleanacional.gob.ec/alfresco/d/d/workspace/SpacesStore/1e3a0eb8-3a1a-4835-bdb3-2171a508be9b/VIRTUAL%20-%20001670.pdf
942 ## - ELEMENTOS DE KOHA
Esquema de Clasificaci
Tipo de Documento Biblioteca Virtual
Catalogador mbc
Existencias
Withdrawn status Lost status Fuente de Clasificaci Damaged status Not for loan Ubicaci Biblioteca Fecha de Adquisición Vía de adquisición Signatura Topogr Código de barras Date last seen Price effective from Tipo de Item
          Biblioteca Asamblea Nacional Biblioteca Asamblea Nacional 2015-08-03 Donación VIRTUAL-001670 VIRTUAL-001670 2015-08-03 2015-08-03 Biblioteca Virtual
Dirección: Av. 6 de Diciembre y Piedrahita | Quito - Ecuador
Teléfonos: 593-23991000 Ext: 1147/1148
Correo:
archivo.biblioteca@asambleanacional.gob.ec

Soporte: FusionSolutions Cia. Ltda
archivobiblioteca white

Con tecnología Koha